000 01097namaa22003011i 4500
005 20260421092852.0
008 260421s1995 ua a|||frm||| 000 0 eng d
040 _aEG-GICUC
_beng
_cEG-GICUC
_dEG-GICUC
_erda
041 0 _aeng
_beng
_bara
049 _aDeposite
097 _aPh.D
099 _aCai01.02.12.Ph.D.1995.Ha.E.
100 0 _aHamada Baraka Taha
_epreparation.
245 1 0 _aThe Element Of Villainy In Jane Austen's Novels /
_cBy Hamada Baraka Taha; Supervised Dr. Ibrahim M. Maghraby.
246 1 5 _aعنصر الشر في روايات جن أستن /
264 0 _c1995.
300 _a182 pages :
_billustrations ;
_c30 cm. +
336 _2rda content
_atext
337 _2rdamedia
_aUnmediated
338 _2rdacarrier
_avolume
502 _aThesis (Ph.D)-Cairo University, 1995.
504 _aBibliography: pages 175-182.
653 0 _aEnglish Literature
700 0 _aIbrahim M. Maghraby
_ethesis advisor.
900 _DDepartment of English
_FFaculty of Arts
_UCairo University
_b1995
_cIbrahim M. Maghraby
905 _aEman El gebaly
942 _2ddc
_cTH
_e21
_n0
999 _c179633